[Event "TUR Cup"]
[Site "Antalya"]
[Date "2020.01.28"]
[Round "4"]
[White "Dogdu, Mehmet"]
[Black "Ataer, Arda Burak"]
[Result "1-0"]
[WhiteElo "1914"]
[BlackElo "1762"]
[PlyCount "67"]
[EventDate "2020.01.26"]
[EventType "swiss"]
[EventRounds "11"]
[EventCountry "TUR"]
[SourceTitle "CBM 194 Extra"]
[Source "ChessBase"]
[SourceDate "2020.03.31"]
[SourceVersion "1"]
[SourceVersionDate "2020.03.31"]
[SourceQuality "1"]

1. d4 Nf6 2. c4 g6 3. Nc3 Bg7 4. e4 d6 5. Be2 0-0 6. g4 c5 7. d5 e6 8. h4 exd5 9. cxd5 Re8 10. f3 h5 11. g5 Nh7 12. Nh3 a6 13. a4 Qa5 14. Bd2 Qb4 15. Nb5 Qxb2 16. Rb1 Qe5 17. Bf4 Qe7 18. Nxd6 Rd8 19. Nxc8 Rxc8 20. Bc4 Rd8 21. Rb6 Nc6 22. 0-0 Ne5 23. Qb3 Rd7 24. Bg3 Kh8 25. Re1 f6 26. Re6 Qf7 27. gxf6 Bxf6 28. Rxe5 Bxe5 29. Bxe5+ Nf6 30. Qc3 Kg7 31. d6 Qf8 32. Ng5 Rxd6 33. Bxd6 Qxd6 34. e5 1-0

[Event "TUR Cup"]
[Site "Antalya"]
[Date "2020.01.27"]
[Round "3"]
[White "Ataer, Arda Burak"]
[Black "Celik, Ege Yigit"]
[Result "1-0"]
[WhiteElo "1762"]
[BlackElo "1558"]
[PlyCount "83"]
[EventDate "2020.01.26"]
[EventType "swiss"]
[EventRounds "11"]
[EventCountry "TUR"]
[SourceTitle "CBM 194 Extra"]
[Source "ChessBase"]
[SourceDate "2020.03.31"]
[SourceVersion "1"]
[SourceVersionDate "2020.03.31"]
[SourceQuality "1"]

1. e4 c5 2. Nf3 a6 3. c3 e6 4. d4 d5 5. e5 Bd7 6. Be3 Nc6 7. a3 Nge7 8. b4 cxd4 9. cxd4 Nf5 10. Bd3 Nxe3 11. fxe3 g6 12. 0-0 Bh6 13. Qe2 Ne7 14. g4 b5 15. Nbd2 Nc8 16. Rae1 Nb6 17. Qf2 Nc4 18. Nxc4 bxc4 19. Bc2 Qe7 20. h4 a5 21. bxa5 Rxa5 22. Rb1 0-0 23. g5 Bg7 24. Nh2 Rxa3 25. Ng4 Rfa8 26. Rb7 R3a7 27. Rfb1 Rxb7 28. Rxb7 Qe8 29. h5 Ra1+ 30. Bb1 Qd8 31. hxg6 hxg6 32. Nf6+ Bxf6 33. exf6 Bc6 34. Rb4 Qf8 35. Rb6 Bd7 36. Qh2 Ra8 37. Kf2 Rc8 38. Kf3 Ra8 39. Rb7 Rd8 40. Rc7 Ba4 41. Bxg6 Bd1+ 42. Kf2 1-0

[Event "TUR-chT 2nd League"]
[Site "Konya"]
[Date "2019.07.26"]
[Round "7.16"]
[White "Deniz, Medeni"]
[Black "Ataer, Arda Burak"]
[Result "1-0"]
[WhiteElo "1962"]
[BlackElo "1578"]
[PlyCount "123"]
[EventDate "2019.07.22"]
[EventType "team-swiss"]
[EventRounds "9"]
[EventCountry "TUR"]
[SourceTitle "CBM 191 Extra"]
[Source "ChessBase"]
[SourceDate "2019.09.30"]
[SourceVersion "1"]
[SourceVersionDate "2019.09.30"]
[SourceQuality "1"]
[WhiteTeam "Corum Belediye"]
[BlackTeam "Maras Spor Kulubu"]
[WhiteTeamCountry "TUR"]
[BlackTeamCountry "TUR"]

1. Nf3 Nf6 2. d4 g6 3. Bg5 Bg7 4. Nc3 0-0 5. Qd2 d6 6. Bh6 Nbd7 7. h4 e5 8. dxe5 Nxe5 9. Bxg7 Nxf3+ 10. exf3 Re8+ 11. Be2 Kxg7 12. h5 Qe7 13. hxg6 fxg6 14. 0-0-0 Be6 15. Bd3 d5 16. Ne2 c5 17. Nf4 Bf7 18. c3 c4 19. Bc2 b5 20. Rh3 a5 21. Rdh1 Rh8 22. g4 Qd6 23. Qd4 g5 24. Ng2 h6 25. Ne3 Be6 26. Rxh6 Rxh6 27. Rxh6 Qf4 28. Rg6+ Kf7 29. Qxf4 gxf4 30. Ng2 Ne4 31. Nxf4 Nc5 32. Rh6 Rg8 33. Rh7+ Rg7 34. Rh5 Ke7 35. Nxd5+ Kd6 36. Nf6 Rf7 37. Ne4+ Nxe4 38. Bxe4 Bd7 39. Kd2 Bxg4 40. Rxb5 Bxf3 41. Bxf3 Rxf3 42. Ke2 Rf7 43. Ke3 Kc6 44. a4 Rd7 45. f3 Rd1 46. Rxa5 Rb1 47. Rb5 Ra1 48. Rb4 Kc5 49. Ke4 Re1+ 50. Kf5 Rf1 51. f4 Rf2 52. Ke5 Re2+ 53. Kf6 Kd5 54. f5 Rf2 55. Rb5+ Kd6 56. Rb4 Kd5 57. a5 Kc6 58. Ke6 Re2+ 59. Kf6 Re1 60. a6 Re8 61. a7 Ra8 62. Ra4 1-0

[Event "TUR-chT 2nd League"]
[Site "Konya"]
[Date "2019.07.25"]
[Round "5.16"]
[White "Ataer, Arda Burak"]
[Black "Unal, Osman"]
[Result "1/2-1/2"]
[WhiteElo "1578"]
[BlackElo "1860"]
[PlyCount "91"]
[EventDate "2019.07.22"]
[EventType "team-swiss"]
[EventRounds "9"]
[EventCountry "TUR"]
[SourceTitle "CBM 191 Extra"]
[Source "ChessBase"]
[SourceDate "2019.09.30"]
[SourceVersion "1"]
[SourceVersionDate "2019.09.30"]
[SourceQuality "1"]
[WhiteTeam "Maras Spor Kulubu"]
[BlackTeam "Gulbahcesi Egitim"]
[WhiteTeamCountry "TUR"]
[BlackTeamCountry "TUR"]

1. e4 d6 2. d4 Nf6 3. Nc3 g6 4. Nf3 Bg7 5. Be2 0-0 6. 0-0 c6 7. a4 e5 8. Be3 exd4 9. Nxd4 Nbd7 10. h3 Re8 11. Bd3 Ne5 12. Be2 d5 13. exd5 Nxd5 14. Nxd5 Qxd5 15. b3 b6 16. Nf3 Qe4 17. Nxe5 Qxe5 18. Rc1 Bf5 19. Bf3 Rad8 20. Qe2 Qc3 21. Rfd1 Rxd1+ 22. Qxd1 c5 23. Bc6 Rf8 24. Bd5 Qf6 25. Qd2 Rd8 26. c4 Rd7 27. Bg5 Qd6 28. Re1 Be6 29. Bf4 Qe7 30. Qe2 Bc3 31. Rc1 Bf6 32. Re1 Bxd5 33. Qxe7 Bxe7 34. cxd5 f5 35. d6 Bf8 36. Re8 Kf7 37. Ra8 h6 38. h4 Bg7 39. Rc8 Kf6 40. Rc7 Ke6 41. Kf1 Bf6 42. Bxh6 Bxh4 43. Bf8 Rxc7 44. dxc7 Kd7 45. Bd6 Bf6 46. Ke2 1/2-1/2

[Event "TUR-chT 2nd League"]
[Site "Konya"]
[Date "2019.07.24"]
[Round "4.16"]
[White "Karakurt, Fahri"]
[Black "Ataer, Arda Burak"]
[Result "1-0"]
[WhiteElo "1891"]
[BlackElo "1578"]
[PlyCount "73"]
[EventDate "2019.07.22"]
[EventType "team-swiss"]
[EventRounds "9"]
[EventCountry "TUR"]
[SourceTitle "CBM 191 Extra"]
[Source "ChessBase"]
[SourceDate "2019.09.30"]
[SourceVersion "1"]
[SourceVersionDate "2019.09.30"]
[SourceQuality "1"]
[WhiteTeam "Yalova Altinkale"]
[BlackTeam "Maras Spor Kulubu"]
[WhiteTeamCountry "TUR"]
[BlackTeamCountry "TUR"]

1. d4 Nf6 2. c4 g6 3. Nc3 Bg7 4. e4 d6 5. Nf3 0-0 6. Be2 e5 7. 0-0 Nbd7 8. Be3 c6 9. Qc2 Qe7 10. d5 cxd5 11. cxd5 a6 12. Nd2 b5 13. b4 Bb7 14. a4 bxa4 15. Rxa4 Ne8 16. Nc4 f5 17. f3 f4 18. Bf2 g5 19. Na5 Bc8 20. Nc6 Qf6 21. Na7 Nc7 22. Rfa1 Bb7 23. Nd1 Nb5 24. Nxb5 axb5 25. Rxa8 Bxa8 26. Bxb5 Qd8 27. Bc6 Bxc6 28. dxc6 Nf6 29. c7 Qc8 30. Qc4+ Kh8 31. Nc3 g4 32. Nb5 Ne8 33. Ra8 d5 34. Qxd5 Nxc7 35. Rxc8 Nxd5 36. Rxf8+ Bxf8 37. exd5 1-0

[Event "TUR-chT 2nd League"]
[Site "Konya"]
[Date "2019.07.23"]
[Round "3.15"]
[White "Sevdimaliyev, Urfan"]
[Black "Ataer, Arda Burak"]
[Result "1/2-1/2"]
[WhiteElo "2370"]
[BlackElo "1578"]
[PlyCount "99"]
[EventDate "2019.07.22"]
[EventType "team-swiss"]
[EventRounds "9"]
[EventCountry "TUR"]
[SourceTitle "CBM 191 Extra"]
[Source "ChessBase"]
[SourceDate "2019.09.30"]
[SourceVersion "1"]
[SourceVersionDate "2019.09.30"]
[SourceQuality "1"]
[WhiteTeam "Seviye Dernegi"]
[BlackTeam "Maras Spor Kulubu"]
[WhiteTeamCountry "TUR"]
[BlackTeamCountry "TUR"]

1. e4 c5 2. Nf3 d6 3. d4 cxd4 4. Nxd4 Nf6 5. f3 e5 6. Bb5+ Nbd7 7. Nf5 d5 8. exd5 a6 9. Ba4 b5 10. Bb3 Nb6 11. Ne3 Bc5 12. Nc3 Bb7 13. Qd3 Qc7 14. Ne4 0-0-0 15. Nxc5 Qxc5 16. Qf5+ Nbd7 17. Bd2 Nxd5 18. Bxd5 Bxd5 19. Nxd5 Qxd5 20. Ba5 g6 21. Qd3 Qxd3 22. cxd3 Rde8 23. Rc1+ Kb8 24. Kd2 Rc8 25. Ke3 f5 26. Bb4 Rhe8 27. h4 Nf6 28. Rxc8+ Kxc8 29. Rc1+ Kd7 30. Rc5 e4 31. fxe4 Nxe4 32. Rd5+ Kc6 33. Rd4 Nf6+ 34. Kd2 Nd5 35. Bc3 Kc5 36. b4+ Kc6 37. a3 Nxc3 38. Kxc3 Re2 39. g4 Rf2 40. gxf5 gxf5 41. Rd8 Rh2 42. Rf8 Rxh4 43. Rxf5 Rh2 44. Rf6+ Kb7 45. Kd4 Ra2 46. Kc5 Rxa3 47. Rf7+ Kc8 48. Kc6 Rc3+ 49. Kb6 Rxd3 50. Rxh7 1/2-1/2